LEADER 01262nam0-2200361---450- 001 990009461290403321 005 20121128094354.0 010 $a978-88-222-5947-9 035 $a000946129 035 $aFED01000946129 035 $a(Aleph)000946129FED01 035 $a000946129 100 $a20111024d2011----km-y0itay50------ba 101 0 $aita 102 $aIT 105 $a--------001yy 200 1 $aGlossario leonardiano$enomenclatura delle macchine nei codici di Madrid e Atlantico$fa cura di Paolo Manni e Marco Biffi$gconsulenza tecnica Davide Russo$gcollaborazione di Francesco Feola, Barbara McGillivray, Claudio Pelucani, Paola Picecchi, Chiara Santini 210 $aFirenze$cLeo S. Olschki$d2011 215 $aXLIV, 336 p.$d24 cm 225 1 $aBiblioteca leonardiana$iStudi e documenti$v1 676 $a509.2 700 1$aManni,$bPaola$0174934 701 1$aBiffi,$bMarco$0281960 702 1$aRusso,$bDavide$f<1973- > 702 1$aFeola,$bFrancesco$f<1972- > 801 0$aIT$bUNINA$gRICA$2UNIMARC 901 $aBK 912 $a990009461290403321 952 $a453.1 LEO 1$bDip.Fil.Mod.18327$fFLFBC 952 $a453.1 LEO 1 BIS$bDip.Fil.Mod.18654$fFLFBC 959 $aFLFBC 996 $aGlossario leonardiano$9853197 997 $aUNINA LEADER 01788nam0 22003973i 450 001 VAN0249717 005 20230531110225.877 017 70$2N$a9783030567736 100 $a20220907d2020 |0itac50 ba 101 $aeng 102 $aCH 105 $a|||| ||||| 200 1 $aRecent Developments in Multivariate and Random Matrix Analysis$eFestschrift in Honour of Dietrich von Rosen$fThomas Holgersson, Martin Singull editors 210 $aCham$cSpringer$d2020 215 $axiii, 373 p.$cill.$d24 cm 500 1$3VAN0249718$aRecent Developments in Multivariate and Random Matrix Analysis$92291644 606 $a60-XX$xProbability theory and stochastic processes [MSC 2020]$3VANC020428$2MF 606 $a00B30$xFestschriften [MSC 2020]$3VANC022532$2MF 606 $a62-XX$xStatistics [MSC 2020]$3VANC022998$2MF 610 $aHigh-Dimensional Data$9KW:K 610 $aMultivariate Analysis$9KW:K 610 $aRandom matrix$9KW:K 610 $aRegression analysis$9KW:K 610 $aTime Series Analysis$9KW:K 620 $aCH$dCham$3VANL001889 702 1$aHolgersson$bThomas$3VANV204201 702 1$aSingull$bMartin$3VANV204202 712 $aSpringer $3VANV108073$4650 801 $aIT$bSOL$c20240614$gRICA 856 4 $uhttp://doi.org/10.1007/978-3-030-56773-6$zE-book ? Accesso al full-text attraverso riconoscimento IP di Ateneo, proxy e/o Shibboleth 899 $aBIBLIOTECA DEL DIPARTIMENTO DI MATEMATICA E FISICA$1IT-CE0120$2VAN08 912 $fN 912 $aVAN0249717 950 $aBIBLIOTECA DEL DIPARTIMENTO DI MATEMATICA E FISICA$d08CONS e-book 4825 $e08eMF4825 20220907 996 $aRecent developments in multivariate and random matrix analysis$92291644 997 $aUNICAMPANIA